01629namaa2200337uu 4500001001000000003000600010005001700016006001900033007001500052008004100067020001800108040001700126041000800143042000700151072001500158720002400173245003500197260004200232300002200274336002600296337002600322338003600348506005100384520060100435540006301036546001201099650002301111653001701134720002401151856011601175doab70868oapen20260305123950.0m o d cr|mn|---annan210618s2016 xx |||||o ||| 0|eng d a9780198753728 aoapencoapen0 aeng adc 7aHP2bicssc1 aEdmonds, David4edt00aPhilosophers Take On the World aOxfordbOxford University Pressc2016 a1 online resource atextbtxt2rdacontent acomputerbc2rdamedia aonline resourcebcr2rdacarrier0 aFree-to-readfUnrestricted online access2star aEvery day the news shows us provoking stories about what's going on in the world, about events which raise moral questions and problems. In Philosophers Take On the World a team of philosophers get to grips with a variety of these controversial issues, from the amusing to the shocking, in short, engaging, often controversial pieces. Covering topics from guns to abortion, the morality of drinking alone, hating a sports team, and being rude to cold callers, the essays will make you think again about the judgements we make on a daily basis and the ways in which we choose to conduct our lives. aAll rights reserveduhttp://oapen.org/content/about-rights aEnglish 7aPhilosophy2bicssc aphilosophers1 aEdmonds, David4oth40uhttps://directory.doabooks.org/handle/20.500.12854/7086870zFree-to-read: DOAB: description of the publication